Cat on the mat / (Record no. 104339)
[ view plain ]
| 000 -LEADER | |
|---|---|
| fixed length control field | 00561nam a2200205 a 4500 |
| 003 - CONTROL NUMBER IDENTIFIER | |
| control field | 001 |
| 005 - DATE AND TIME OF LATEST TRANSACTION | |
| control field | 20151110153443.0 |
| 008 - FIXED-LENGTH DATA ELEMENTS--GENERAL INFORMATION | |
| fixed length control field | 000901s19uu xx 00 eng d |
| 020 ## - INTERNATIONAL STANDARD BOOK NUMBER | |
| International Standard Book Number | 0-19-272355-3 |
| 050 ## - LIBRARY OF CONGRESS CALL NUMBER | |
| Classification number | BB |
| Item number | Ca28 1999 |
| 100 ## - MAIN ENTRY--PERSONAL NAME | |
| Personal name | Wildsmith, Brian |
| 245 ## - TITLE STATEMENT | |
| Title | Cat on the mat / |
| Statement of responsibility, etc | Brian Wildsmith. |
| 260 ## - PUBLICATION, DISTRIBUTION, ETC. (IMPRINT) | |
| Place of publication, distribution, etc | Great Calderon St., Oxford : |
| Name of publisher, distributor, etc | Oxford University Press, |
| Date of publication, distribution, etc | 1999. |
| 300 ## - PHYSICAL DESCRIPTION | |
| Extent | 1 v. (unp.) ; ill. |
| 440 ## - SERIES STATEMENT/ADDED ENTRY--TITLE | |
| Title | Oxford |
| 650 ## - SUBJECT ADDED ENTRY--TOPICAL TERM | |
| Topical term or geographic name as entry element | Cats stories-Fiction |
| 650 ## - SUBJECT ADDED ENTRY--TOPICAL TERM | |
| Topical term or geographic name as entry element | Children's stories-Fiction |
| 942 ## - ADDED ENTRY ELEMENTS (KOHA) | |
| Source of classification or shelving scheme | Library of Congress Classification |
| Koha item type | Books |
| Withdrawn status | Lost status | Damaged status | Use restrictions | Home library | Current library | Shelving location | Date acquired | Source of acquisition | Total Checkouts | Full call number | Barcode | Date last seen | Price effective from | Koha item type |
|---|---|---|---|---|---|---|---|---|---|---|---|---|---|---|
| Elizalde Library | Elizalde Library | Big Books Section | 09/01/2000 | BB Cu97 1999 | E7376 | 04/12/2014 | 04/12/2014 | Books |